header

Deadly force, colonialism, and the rule of law (Record no. 157621)

MARC details
000 -LEADER
fixed length control field 01356nam a22003254a 4500
082 04 - DEWEY DECIMAL CLASSIFICATION NUMBER
Classification number 363.2/32
100 1# - MAIN ENTRY--AUTHOR NAME
Personal name Mars, Joan R.,
245 10 - TITLE STATEMENT
Title Deadly force, colonialism, and the rule of law
260 ## - PUBLICATION, DISTRIBUTION, ETC. (IMPRINT)
Place of publication Westport, CT :
Name of publisher Greenwood Press,
Year of publication c2002.
300 ## - PHYSICAL DESCRIPTION
Number of Pages xvii, 200 p.
490 1# - SERIES STATEMENT
Series statement Contributions in comparative colonial studies,
650 #0 - SUBJECT ADDED ENTRY--TOPICAL TERM
Topical Term Police brutality
Topical Term Police
856 40 - ELECTRONIC LOCATION AND ACCESS
Uniform Resource Identifier http://site.ebrary.com/lib/rucke/Doc?id=10040703

No items available.

© 2026 Rongo University
Contact us: librarian | system librarian | Rongo university